Normal view
MARC view
- Patil S K Ed. Bansode S Y Ed
Entry Personal Name
001 - CONTROL NUMBER
- control field: 29920
003 - CONTROL NUMBER IDENTIFIER
- control field: OSt
005 - DATE AND TIME OF LATEST TRANSACTION
- control field: 20220803173555.0
008 - FIXED-LENGTH DATA ELEMENTS
- fixed length control field: 220803|| aca||aabn | a|a d
040 ## - CATALOGING SOURCE
- Original cataloging agency: OSt
- Transcribing agency: OSt
100 ## - HEADING--PERSONAL NAME
- Personal name: Patil S K Ed. Bansode S Y Ed
670 ## - SOURCE DATA FOUND
- Source citation: Work cat.: (OSt)18762: Patil S K Ed. Bansode S Y Ed., Library And Information Services In Changing Era, 2009